Guitar Hero Songs - Statistics

General Stats
  • This quiz has been taken 25 times
  • The average score is 16 of 47
Answer Stats
Artist Song % Correct
Deep Purple Smoke on the Water
90%
Boston More Than a Feeling
71%
Black Sabbath Iron Man
67%
Ramones I Wanna Be Sedated
62%
ZZ Top Sharp Dressed Man
62%
Motörhead Ace of Spades
57%
Joan Jett & the Blackhearts I Love Rock n' Roll
57%
Queens of the Stone Age No One Knows
57%
Franz Ferdinand Take Me Out
57%
Pantera Cowboys from Hell
52%
Queen Killer Queen
52%
Megadeth Symphony of Destruction
52%
Sum 41 Fat Lip
48%
White Zombie Thunder Kiss '65
48%
Ozzy Osbourne Bark at the Moon
43%
Honest Bob and the Factory-to-Dealer Incentives Hey
43%
David Bowie Ziggy Stardust
43%
Blue Öyster Cult Godzilla
33%
Bad Religion Infected
33%
Helmet Unsung
33%
Audioslave Cochise
29%
The Edgar Winter Group Frankenstein
29%
The Exies Hey You
29%
Jimi Hendrix Spanish Castle Magic
29%
Incubus Stellar
29%
The Donnas Take It Off
29%
Stevie Ray Vaughan Texas Flood
29%
Cream Crossroads
24%
Burning Brides Heart Full of Black
24%
Red Hot Chili Peppers Higher Ground
24%
Judas Priest You've Got Another Thing Comin'
24%
Anarchy Club Behind the Mask
19%
Graveyard BBQ Cheat on the Church
19%
Black Label Society Fire It Up
19%
Monkey Steals the Peach Guitar Hero
19%
Artillery The Breaking Wheel
19%
Shaimus All of This
14%
The Bags Caveman Rejoice
14%
The Upper Crust Eureka, I've Found Love
14%
The Slip Even Rats
14%
Made In Mexico Farewell Myth
14%
Din Fly on the Wall
14%
Freezepop Get Ready 2 Rokk
14%
Count Zero Sail Your Ship By
14%
The Model Sons Story of My Love
14%
The Acro-Brats Callout
10%
Drist Decontrol
10%
No matching quizzes found
Score Distribution
Percent of People with Each Score
Percentile by Number Answered
Your Score History
You have not taken this quiz